000 00710nas a2200229 4500
001 BR8706311
003 BR-BrBNA
005 20231205090850.0
007 ta
008 230509b bl.|||p| |||| 00| 00por d
040 _aBR-BrBNA
_bpor
_cBiblioteca Nacional de Agricultura
041 _a(Pt)
072 _aP35; P33
100 1 _aFreire, W.J.
245 1 _aParametros de compactacao de um solo arenoso-argiloso tratado com aditivos quimicos
650 _aFERTILIDADE DO SOLO
650 _aSILICATO DE SODIO
650 _aCOMPACTACAO DO SOLO
773 0 _tEcossistema (Brazil)
_xISSN 0100-4107
_g(Oct 1984), v. 9 p. 180-189
_wBR8706311
909 _a202311
_bLúcia
_c55
_dLúcia Elande
942 _2AGRIS
_n0
_cANA
999 _c121313
_d121313